भारतीय व्यक्ति कोशःवैदिक,पौराणिक,रामायण और महाभारत साहित्य के समन्वित (Record no. 6391)

MARC details
000 -LEADER
fixed length control field 01251 a2200229 4500
005 - DATE AND TIME OF LATEST TRANSACTION
control field 20080911122152.0
008 - FIXED-LENGTH DATA ELEMENTS--GENERAL INFORMATION
fixed length control field 080911t xxu||||| |||| 00| 0 hin d
010 ## - LIBRARY OF CONGRESS CONTROL NUMBER
LC control number HIN-80584
020 ## - INTERNATIONAL STANDARD BOOK NUMBER
Terms of availability 150.00
035 ## - SYSTEM CONTROL NUMBER
System control number HN-52930
037 ## - SOURCE OF ACQUISITION
Source of stock number/acquisition D.B.Act / pub
082 ## - DEWEY DECIMAL CLASSIFICATION NUMBER
Classification number 230.092
100 ## - MAIN ENTRY--PERSONAL NAME
Personal name उपाध्याय, भगवतशरण
245 ## - TITLE STATEMENT
Title भारतीय व्यक्ति कोशःवैदिक,पौराणिक,रामायण और महाभारत साहित्य के समन्वित
Statement of responsibility, etc भगवतशरण उपाध्याय
246 ## - VARYING FORM OF TITLE
Title proper/short title Bhartiy Vyakti Kosh
Remainder of title by Bhgvatsjaran Uppadyay
250 ## - EDITION STATEMENT
Edition statement 3रा संस्क
260 ## - PUBLICATION, DISTRIBUTION, ETC. (IMPRINT)
Place of publication, distribution, etc नई दिल्ली
Name of publisher, distributor, etc आर्य बुक डिपो
Date of publication, distribution, etc 1999
270 ## - ADDRESS
Address 30 नाईवाला, करोल बाग
City नई दिल्ली
Postal code 110005
Telephone number 5721221
300 ## - PHYSICAL DESCRIPTION
Extent 260पृ
Dimensions 22सेमी (सजिल्द)
942 ## - ADDED ENTRY ELEMENTS (KOHA)
Institution code [OBSOLETE] dpl
Koha item type Hindi Books
Call number prefix 230.092 / उपाध्या
Source of classification or shelving scheme Dewey Decimal Classification
Classification part 230.092
Call number suffix उपाध्या
Holdings
Withdrawn status Lost status Damaged status Not for loan Home library Current library Date acquired Cost, normal purchase price Total Checkouts Full call number Barcode Date last seen Copy number Uniform Resource Identifier Cost, replacement price Price effective from Koha item type
        D.B.Act.Division D.B.Act.Division 11/09/2008 150.00   230.092 उपाध्या HN-52930 15/09/2008 1 6877 150.00 15/09/2008 Hindi Books

© Delhi Public Library
Hit Counter
free hit counter